| 000 | 00356 a2200157 4500 | ||
|---|---|---|---|
| 001 | 56858 | ||
| 020 | _a9788532268334 | ||
| 040 | _cAnchieta - Pituba | ||
| 100 | _aGaldino, Luiz | ||
| 240 | 1 | 0 |
_aA expedição dos argonautas _lpor |
| 245 | 1 | 0 | _aA expedição dos argonautas |
| 300 | _a79 | ||
| 362 | 0 | _a2008 | |
| 650 | 4 | _aLiteratura juvenil | |
| 942 | _cBK | ||
| 999 |
_c56858 _d56858 |
||